Molecular beam epitaxy : (Record no. 5977)
[ view plain ]
| 000 -LEADER | |
|---|---|
| fixed length control field | 00913nac a22002411u 4500 |
| 010 ## - LIBRARY OF CONGRESS CONTROL NUMBER | |
| LC control number | 96005708 |
| 020 ## - INTERNATIONAL STANDARD BOOK NUMBER | |
| International Standard Book Number | 3540605940 (Berlin : acid-free paper) |
| 082 00 - DEWEY DECIMAL CLASSIFICATION NUMBER | |
| Classification number | 621.38152 |
| Item number | HER |
| 090 ## - LOCALLY ASSIGNED LC-TYPE CALL NUMBER (OCLC); LOCAL CALL NUMBER (OCLC) | |
| -- | 5977 |
| -- | 5977 |
| 100 ## - MAIN ENTRY--PERSONAL NAME | |
| Personal name | Herman, Marian A. |
| 245 10 - TITLE STATEMENT | |
| Title | Molecular beam epitaxy : |
| Remainder of title | fundamentals and current status / |
| Statement of responsibility, etc | M.A. Herman, H. Sitter. |
| 250 ## - EDITION STATEMENT | |
| Edition statement | 2nd, rev. and updated ed. |
| 260 ## - PUBLICATION, DISTRIBUTION, ETC. (IMPRINT) | |
| Place of publication, distribution, etc | Berlin ; |
| -- | New York : |
| Name of publisher, distributor, etc | Springer,c1996. |
| Date of publication, distribution, etc | c1996. |
| 300 ## - PHYSICAL DESCRIPTION | |
| Extent | xiv, 453 p. : |
| Other physical details | ill. (some col.) ; |
| Dimensions | 24 cm. |
| 490 1# - Series Statement | |
| Series statement | Springer series in materials science ; |
| Volume/sequential designation | 7 |
| 500 ## - GENERAL NOTE | |
| General note | Distributer: Al-Ahram. |
| 504 ## - BIBLIOGRAPHY, ETC. NOTE | |
| Bibliography, etc | Includes bibliographical references (p. [399]-447) and index. |
| 511 ## - PARTICIPANT OR PERFORMER NOTE | |
| Participant or performer note | Catalogued: Mahitab. |
| 650 #0 - SUBJECT ADDED ENTRY--TOPICAL TERM | |
| Topical term or geographic name as entry element | Molecular beam epitaxy. |
| 700 1# - ADDED ENTRY--PERSONAL NAME | |
| Personal name | Sitter, Helmut, |
| Dates associated with a name | 1951- |
| 830 #0 - SERIES ADDED ENTRY--UNIFORM TITLE | |
| Uniform title | Springer series in materials science ; |
| 942 ## - ADDED ENTRY ELEMENTS (KOHA) | |
| Item type | Book - Borrowing |
| Call number prefix | 621.38152HER |
| Withdrawn status | Item status | Damaged status | Not for loan | Home library | Current library | Shelving location | Date acquired | Source of acquisition | Total Checkouts | Full call number | Barcode | Date last seen | Koha item type |
|---|---|---|---|---|---|---|---|---|---|---|---|---|---|
| Central Library | Central Library | First floor | 07/11/2011 | Purchase | 621.38152HER | 000006975 | 15/07/2025 | Book - Borrowing |